[Event "Open Est 2013-2014"]
[Site "Salle Lakanal Aubagne"]
[Date "2014.02.15"]
[Round "6.31"]
[White "Galeazzi, Tony"]
[Black "Autouard, Jean Luc"]
[Result "0-1"]
[WhiteElo "1099"]
[BlackElo "1350"]
[PlyCount "91"]
[EventDate "2014.??.??"]

1. e4 c5 2. c4 Nc6 3. Nf3 Nf6 4. Nc3 d6 5. d4 cxd4 6. Nxd4 Nxd4 7. Qxd4 e5 8.
Qe3 Be7 9. Qg3 Nh5 10. Qe3 O-O 11. Be2 Nf4 12. Bf3 Be6 13. g3 Nh3 14. Nd5 Bg5
15. Qc3 f5 16. exf5 Rxf5 17. Bxg5 Nxg5 18. Bg4 Rf8 19. Bxe6+ Nxe6 20. Rd1 Qg5
21. h4 Qd8 22. c5 Rc8 23. b4 Kh8 24. h5 Qe8 25. Qd2 Nd4 26. Qc1 Qf7 27. Rh2
Nf3+ 28. Ke2 Nxh2 29. h6 Qxf2+ 30. Kd3 Rf3+ 31. Ne3 d5 32. Qd2 Qxg3 33. Re1 d4
34. Kc4 Rxe3 35. Rxe3 dxe3 36. Qd7 Qh4+ 37. Kb5 a6+ 38. Kb6 Qxh6+ 39. Kxb7 Rg8
40. c6 Qf4 41. Ka7 e2 42. c7 Qe3+ 43. Kxa6 Ra8+ 44. Kb7 Ra7+ 45. Kb8 Qb6+ 46.
Kc8 0-1

[Event "Open Est 2013-2014"]
[Site "Salle Lakanal Aubagne"]
[Date "2014.02.15"]
[Round "6.34"]
[White "Pietrac, Christian"]
[Black "Timoner, Genevieve"]
[Result "1-0"]
[WhiteElo "1253"]
[BlackElo "1499"]
[PlyCount "59"]
[EventDate "2014.??.??"]

1. d4 d5 2. c4 f5 3. Nc3 Nf6 4. Bg5 Nbd7 5. f3 e6 6. c5 c6 7. Nh3 Be7 8. Nf4
Nb8 9. Nd3 Bd7 10. Ne5 O-O 11. e3 Be8 12. b4 Bh5 13. Be2 Nbd7 14. f4 Qe8 15. a4
Ne4 16. Nxe4 fxe4 17. Bxh5 Bxg5 18. Bxe8 Bh4+ 19. g3 Nxe5 20. dxe5 Bd8 21. Bh5
Ba5 22. bxa5 Rab8 23. Qg4 Kh8 24. Qxe6 Rf6 25. exf6 gxf6 26. Qxf6+ Kg8 27. Qf7+
Kh8 28. Qe6 b6 29. Qe5+ Kg8 30. Qxb8+ 1-0

[Event "Open Est 2013-2014"]
[Site "Salle Lakanal Aubagne"]
[Date "2014.02.15"]
[Round "6.35"]
[White "Perez, Laurent"]
[Black "Turpin, Isabelle"]
[Result "0-1"]
[WhiteElo "1099"]
[BlackElo "1330"]
[PlyCount "24"]
[EventDate "2014.??.??"]

1. e4 c5 2. Bc4 e6 3. Nf3 Nf6 4. Nc3 Qc7 5. Nb5 Qb6 6. d3 Nc6 7. O-O a6 8. Na3
Qc7 9. Be3 h5 10. Ng5 Ne5 11. Bb3 Neg4 12. Bd2 Qxh2# 0-1

[Event "Open Est 2013-2014"]
[Site "Salle Lakanal Aubagne"]
[Date "2014.02.15"]
[Round "6.37"]
[White "Gianfranceschi, Gerard"]
[Black "Morata, Serge"]
[Result "0-1"]
[WhiteElo "1010"]
[BlackElo "1260"]
[PlyCount "60"]
[EventDate "2014.??.??"]

1. e4 c5 2. c4 d6 3. Nc3 e6 4. f4 Nc6 5. Nf3 Nf6 6. e5 Ng4 7. h3 Nh6 8. Ne2 Be7
9. g3 f6 10. d4 O-O 11. d5 Na5 12. b3 a6 13. Rb1 b6 14. Ba3 Bb7 15. exd6 Qxd6
16. Bg2 Nf5 17. Qd3 Rae8 18. Nd2 Nh6 19. Ne4 Qd8 20. d6 Bxd6 21. Rd1 Bxe4 22.
Bxe4 f5 23. Bf3 Bxf4 24. Bd5 exd5 25. cxd5 Re3 26. Qd2 Rfe8 27. d6 Qxd6 28.
gxf4 Qxd2+ 29. Kxd2 Rxe2+ 30. Kc3 R8e3+ 0-1

[Event "Open Est 2013-2014"]
[Site "Salle Lakanal Aubagne"]
[Date "2014.02.15"]
[Round "6.39"]
[White "Periale, Francine"]
[Black "Campion, Nathan"]
[Result "1-0"]
[WhiteElo "1050"]
[BlackElo "1199"]
[PlyCount "61"]
[EventDate "2014.??.??"]

1. d4 b6 2. Nf3 Bb7 3. e3 e6 4. c3 c5 5. Nbd2 Nf6 6. Bd3 Bd6 7. O-O O-O 8. Qc2
Nc6 9. Nc4 Qc7 10. Nxd6 Qxd6 11. Re1 Ne7 12. e4 Qc7 13. Qe2 cxd4 14. cxd4 Rac8
15. Bd2 d6 16. Rac1 Qd7 17. Rcd1 Qa4 18. Bg5 Ng6 19. e5 Bxf3 20. Qxf3 Nd5 21.
exd6 Qxd4 22. Bxg6 fxg6 23. Rxd4 Rxf3 24. Rxe6 Rf5 25. h4 Kf7 26. Rde4 Nf6 27.
Re7+ Kf8 28. R4e6 Re8 29. Rxe8+ Nxe8 30. d7 Kg8 31. dxe8=Q+ 1-0

[Event "Open Est 2013-2014"]
[Site "Salle Lakanal Aubagne"]
[Date "2014.02.15"]
[Round "6.40"]
[White "Herbulot, Thomas"]
[Black "Catanese, Sauveur"]
[Result "0-1"]
[WhiteElo "1009"]
[BlackElo "1180"]
[PlyCount "60"]
[EventDate "2014.??.??"]

1. e4 d6 2. d4 Nf6 3. Nc3 g6 4. Nf3 Bg7 5. Be3 O-O 6. Bd3 Ng4 7. Qe2 Re8 8. O-O
e5 9. dxe5 dxe5 10. Rfd1 Bd7 11. h3 Nxe3 12. Qxe3 c6 13. Rd2 Re7 14. Rad1 Qf8
15. Bc4 Bh6 16. Qe2 Bxd2 17. Qxd2 b5 18. Bb3 Kh8 19. a3 Na6 20. Qe3 Nc7 21. Rd3
a6 22. Qd2 Rd8 23. Ne2 c5 24. Rd6 Ree8 25. Rxd7 Ne6 26. Bxe6 fxe6 27. Rxd8 Rxd8
28. Nxe5 Rxd2 29. Ng3 Qxf2+ 30. Kh1 Qxg2# 0-1

[Event "Open Est 2013-2014"]
[Site "Salle Lakanal Aubagne"]
[Date "2014.02.15"]
[Round "6.41"]
[White "Sid, Alexander"]
[Black "Huette, Iva"]
[Result "0-1"]
[WhiteElo "1009"]
[BlackElo "1099"]
[PlyCount "44"]
[EventDate "2014.??.??"]

1. e4 e5 2. Nf3 Nc6 3. Nc3 Nf6 4. Bc4 Bc5 5. O-O O-O 6. d3 d6 7. Bg5 Bg4 8. h3
Bxf3 9. Qxf3 Nd4 10. Qg3 Bb4 11. a3 Bxc3 12. bxc3 Ne2+ 13. Kh1 Nxg3+ 14. fxg3
h6 15. Bxf6 gxf6 16. Rf5 c6 17. Bb3 Kg7 18. Raf1 Kg6 19. g4 Rh8 20. Rh5 Rh7 21.
Bxf7+ Rxf7 22. g5 Kxh5 0-1

[Event "Open Est 2013-2014"]
[Site "Salle Lakanal Aubagne"]
[Date "2014.02.15"]
[Round "6.42"]
[White "Gousseau, Michel"]
[Black "Renoulet, Francoise"]
[Result "1-0"]
[WhiteElo "1120"]
[BlackElo "1499"]
[PlyCount "89"]
[EventDate "2014.??.??"]

1. d4 f5 2. Nf3 Nf6 3. e3 e6 4. Bd3 d5 5. Nbd2 c6 6. c4 Bd6 7. c5 Bc7 8. a3 O-O
9. O-O Bd7 10. b4 Be8 11. Bb2 h6 12. Re1 Kh8 13. g3 Nbd7 14. Nh4 Rg8 15. f4 Bh5
16. Ndf3 Ng4 17. Rf1 Qf6 18. Qd2 Rae8 19. Be2 g5 20. Ng2 e5 21. h3 gxf4 22.
exf4 e4 23. Nfe1 Rg6 24. b5 e3 25. Qc3 Rg7 26. a4 Bg6 27. hxg4 h5 28. g5 h4 29.
Nxh4 Qf7 30. Neg2 Bh5 31. g4 Bxg4 32. Bd3 Qh5 33. Qe1 Bh3 34. Be2 Qg6 35. Nxg6+
Rxg6 36. Rf3 Bxg2 37. Rg3 Bxf4 38. Rxg2 Reg8 39. Qh4+ Kg7 40. Qxf4 Rh8 41. Qxe3
Rh7 42. Qe7+ Kh8 43. Qe8+ Kg7 44. Qxd7+ Kh8 45. Qxf5 1-0

[Event "Open Est 2013-2014"]
[Site "Salle Lakanal Aubagne"]
[Date "2014.03.15"]
[Round "7.1"]
[White "Benezra, Amos"]
[Black "Crapon, Laurent"]
[Result "1-0"]
[WhiteElo "1719"]
[BlackElo "1781"]
[PlyCount "141"]
[EventDate "2014.??.??"]

1. e4 e5 2. Nf3 Nc6 3. Bc4 Nf6 4. d3 h6 5. c3 d6 6. O-O Be7 7. h3 O-O 8. Nbd2
Be6 9. Bb5 a6 10. Ba4 b5 11. Bc2 Nh7 12. Re1 Ng5 13. d4 exd4 14. cxd4 Na7 15.
Nf1 c5 16. d5 Bc8 17. Ng3 Bb7 18. Nf5 Nc8 19. Nxg5 Bxg5 20. Qg4 Ne7 21. h4 Nxf5
22. hxg5 Nd4 23. gxh6 g6 24. Bb1 Kh7 25. Bg5 f6 26. Bd2 Qe8 27. Qg3 Rd8 28. f3
Rd7 29. Bf4 Qf7 30. Bxd6 Rc8 31. Bf4 b4 32. Be3 Nb5 33. Qg4 c4 34. Bc1 a5 35.
Rd1 c3 36. bxc3 Nxc3 37. Re1 Ba6 38. Bb2 a4 39. Bxc3 Rxc3 40. e5 fxe5 41. Bxg6+
Qxg6 42. Qxd7+ Kxh6 43. Qe6 Bb5 44. Rxe5 b3 45. axb3 axb3 46. Qxg6+ Kxg6 47.
Rb1 Rd3 48. Re6+ Kf7 49. Rb6 Bc4 50. d6 Ke6 51. Kf2 Kd7 52. Rb4 Bg8 53. Ke2 Rc3
54. Rb2 Kxd6 55. Kd2 Rc5 56. R2xb3 Bxb3 57. Rxb3 Ke5 58. Ke3 Ra5 59. f4+ Kf5
60. Kf3 Ra1 61. g4+ Kf6 62. Rb6+ Kf7 63. f5 Ra4 64. Kg3 Ra1 65. Kh4 Rh1+ 66.
Kg5 Rc1 67. Rb7+ Kf8 68. Kg6 Rc4 69. g5 Rc6+ 70. f6 Rc8 71. Rh7 1-0

[Event "Open Est 2013-2014"]
[Site "Salle Lakanal Aubagne"]
[Date "2014.03.15"]
[Round "7.2"]
[White "Salvi, Michel"]
[Black "Ollier, Laurent"]
[Result "1/2-1/2"]
[WhiteElo "1654"]
[BlackElo "1527"]
[PlyCount "125"]
[EventDate "2014.??.??"]

1. e4 e6 2. d4 d5 3. Nd2 c5 4. c3 Nc6 5. Ngf3 Nf6 6. Bd3 Qb6 7. e5 Nd7 8. Qb3
cxd4 9. Qxb6 axb6 10. cxd4 Nb4 11. Bb1 Be7 12. O-O f6 13. a3 O-O 14. Nb3 Nc6
15. Re1 fxe5 16. dxe5 Nc5 17. Nbd4 Bd7 18. Bd2 Na5 19. Bc2 Nc4 20. Bc1 b5 21.
b3 Nb6 22. b4 Na6 23. Bg5 Rfe8 24. h4 Nc7 25. g3 Nc4 26. Bxe7 Rxe7 27. Ra2 Rxa3
28. Rea1 Rxa2 29. Rxa2 Na6 30. Bb1 Re8 31. Ng5 g6 32. h5 Nxe5 33. Re2 Nf7 34.
Ngxe6 gxh5 35. Bd3 Nxb4 36. Bxb5 Bxb5 37. Nxb5 Nd8 38. Nbc7 Re7 39. Re5 Nxe6
40. Nxe6 h6 41. f4 Nc6 42. Re2 Kf7 43. f5 Kf6 44. Rd2 Kxf5 45. Nf4 d4 46. Rh2
Ne5 47. Kg2 d3 48. Rxh5+ Ke4 49. Kf2 Rc7 50. Ke1 Nf3+ 51. Kd1 d2 52. Ne2 Ke3
53. Rxh6 Nd4 54. g4 Nxe2 55. Rh3+ Kf2 56. Rh2+ Kg3 57. Rxe2 Rd7 58. g5 Rg7 59.
Kxd2 Rxg5 60. Kc3 Kf4 61. Kc4 Rg7 62. Kb5 Rg6 63. Re7 1/2-1/2

[Event "Open Est 2013-2014"]
[Site "Salle Lakanal Aubagne"]
[Date "2014.03.15"]
[Round "7.3"]
[White "Gauci Schacre, Jeremy"]
[Black "Velut, Pierre-Marie"]
[Result "1/2-1/2"]
[WhiteElo "1230"]
[BlackElo "1600"]
[PlyCount "65"]
[EventDate "2014.??.??"]

1. e4 e6 2. Nc3 c5 3. Nf3 d5 4. exd5 exd5 5. d4 c4 6. Bf4 Bb4 7. Be2 Nf6 8. O-O
Bxc3 9. bxc3 Ne4 10. Qe1 O-O 11. Bxb8 Rxb8 12. Bxc4 dxc4 13. Qxe4 Re8 14. Qf4
Be6 15. Rfe1 Qa5 16. Qd2 f6 17. Rad1 Bd5 18. Rf1 Be4 19. Rc1 Qxa2 20. Ra1 Qxc2
21. Qxc2 Bxc2 22. Rxa7 Be4 23. Re1 Bxf3 24. Rxe8+ Rxe8 25. gxf3 Rb8 26. Ra4 b5
27. Rb4 Kf7 28. Kf1 Ke6 29. Ke2 Kd6 30. Ke3 f5 31. Kf4 g6 32. Kg5 Kc6 33. Kf6
1/2-1/2

[Event "Open Est 2013-2014"]
[Site "Salle Lakanal Aubagne"]
[Date "2014.03.15"]
[Round "7.4"]
[White "Gambino, Max"]
[Black "Derige Kane, Yan"]
[Result "1/2-1/2"]
[WhiteElo "1671"]
[BlackElo "1646"]
[PlyCount "98"]
[EventDate "2014.??.??"]

1. e4 e5 2. Nf3 Nc6 3. Bc4 Bc5 4. c3 Nf6 5. d3 O-O 6. O-O d6 7. Be3 Bb6 8. Nbd2
Bg4 9. Re1 Re8 10. Nf1 Ne7 11. Bxb6 axb6 12. Ne3 Bxf3 13. Qxf3 Qd7 14. Re2 Ng6
15. g3 c6 16. a3 b5 17. Bb3 Rad8 18. Rae1 Qh3 19. Qf5 Qxf5 20. Nxf5 Ne7 21.
Nxe7+ Rxe7 22. f3 Nd7 23. d4 Kf8 24. Kf2 f6 25. Rd2 Nb6 26. dxe5 fxe5 27. Red1
Nc8 28. Ke3 Rde8 29. c4 bxc4 30. Bxc4 b5 31. Bf1 Rd8 32. Bh3 Nb6 33. b3 Ra7 34.
Rxd6 Rxd6 35. Rxd6 Rxa3 36. Be6 Nc4+ 37. Bxc4 bxc4 38. Rxc6 cxb3 39. Rb6 b2+
40. Kd2 Rxf3 41. Rxb2 Rf2+ 42. Kc3 Rxb2 43. Kxb2 Ke7 44. Kc3 Kd6 45. Kb4 Kc6
46. Kc4 g6 47. h3 h6 48. Kb4 Kb6 49. Kc4 Kc6 1/2-1/2

[Event "Open Est 2013-2014"]
[Site "Salle Lakanal Aubagne"]
[Date "2014.03.15"]
[Round "7.5"]
[White "Fournier, Alain"]
[Black "Gamblin, Thibaut"]
[Result "1-0"]
[WhiteElo "1590"]
[BlackElo "1479"]
[PlyCount "95"]
[EventDate "2014.??.??"]

1. d4 Nf6 2. Nf3 d5 3. Bf4 e6 4. e3 c5 5. c3 Nc6 6. Bd3 Qb6 7. Na3 c4 8. Bxc4
Bxa3 9. bxa3 dxc4 10. O-O Nd5 11. Bd6 Nxc3 12. Qc2 Nd5 13. Bc5 Qa6 14. e4 Nf6
15. d5 Nd7 16. Be3 Nde5 17. Nxe5 Nxe5 18. Bd4 f6 19. f4 Nf7 20. Bc5 Qb5 21. Bd4
exd5 22. Rab1 Qd7 23. exd5 O-O 24. Qxc4 Nd6 25. Qb3 Ne4 26. d6+ Kh8 27. Qd3 Qf5
28. Rb5 Qe6 29. Re1 f5 30. g4 Qg6 31. Kh1 Nxd6 32. Rd5 Bd7 33. Rxd6 Bc6+ 34.
Kg1 Qxg4+ 35. Qg3 Rae8 36. Be5 Kg8 37. Re3 Qxg3+ 38. Rxg3 g6 39. h4 Rd8 40. h5
Rxd6 41. Bxd6 Rf6 42. Be5 Re6 43. h6 Kf7 44. Rd3 Ke7 45. Kf2 Be4 46. Rc3 Rc6
47. Rb3 a6 48. Rxb7+ 1-0

[Event "Open Est 2013-2014"]
[Site "Salle Lakanal Aubagne"]
[Date "????.??.??"]
[Round "7.6"]
[White "Ulloa, Philippe"]
[Black "Cescon, Moreno"]
[Result "1-0"]
[WhiteElo "1428"]
[BlackElo "1772"]
[PlyCount "138"]

1. d4 d5 2. c4 c6 3. e3 Nf6 4. Nf3 e6 5. Nbd2 Bb4 6. Bd3 dxc4 7. Bxc4 O-O 8.
O-O Nbd7 9. a3 Ba5 10. b4 Bc7 11. h3 b5 12. Ba2 a5 13. Qc2 Bb7 14. Nb3 axb4 15.
axb4 Bd6 16. Nc5 Nxc5 17. bxc5 Bc7 18. Bd2 Qe7 19. Bb3 h6 20. Rfe1 e5 21. dxe5
Bxe5 22. Nxe5 Qxe5 23. Bc3 Qe7 24. Bb4 Rxa1 25. Rxa1 Ra8 26. Rd1 Rd8 27. Ra1
Nd5 28. Ba5 Rd7 29. Re1 Nf6 30. Ba2 Ne4 31. Bb1 Nf6 32. e4 g6 33. Bd2 Kg7 34.
Qc1 g5 35. Qc2 Rxd2 36. Qxd2 Qxc5 37. e5 Nd5 38. Qd3 Qc3 39. Qh7+ Kf8 40. Qxh6+
Ke8 41. Qh8+ Ke7 42. Rf1 Qc5 43. Qb8 Qb6 44. Bf5 Qc7 45. Qa7 b4 46. Qc5+ Ke8
47. Re1 Qe7 48. Qa7 c5 49. Qa4+ Kf8 50. Qd1 Nf4 51. g3 Nd5 52. Qh5 Nf6 53. Qh8+
Ng8 54. Bh7 Ke8 55. Qxg8+ Kd7 56. Qb8 Kc6 57. Be4+ Kb6 58. Bd5 Qc7 59. Qxc7+
Kxc7 60. Bxf7 Ba6 61. e6 Bb5 62. e7 Kb6 63. e8=Q Bxe8 64. Rxe8 Kb5 65. Rb8+ Ka4
66. Ra8+ Kb5 67. Bb3 Kb6 68. Bc4 Kc7 69. Ra6 Kb7 1-0

[Event "Open Est 2013-2014"]
[Site "Salle Lakanal Aubagne"]
[Date "2014.03.15"]
[Round "7.7"]
[White "Vialette, Eric"]
[Black "Leadbetter, Peter"]
[Result "1-0"]
[WhiteElo "1684"]
[BlackElo "1480"]
[PlyCount "117"]
[EventDate "2014.??.??"]

1. e4 c5 2. Nf3 Nc6 3. d4 cxd4 4. c3 Nf6 5. e5 Nd5 6. cxd4 e6 7. Bc4 Bb4+ 8.
Bd2 Bxd2+ 9. Nbxd2 Nb6 10. Be2 O-O 11. O-O d6 12. Nc4 Nxc4 13. Bxc4 d5 14. Bd3
h6 15. Rc1 Bd7 16. Bb1 Qe7 17. Qd3 g6 18. h3 a6 19. Nh2 Nb4 20. Qd2 Kg7 21. a3
Nc6 22. Ng4 Rh8 23. Nf6 Rac8 24. Rc3 Nb8 25. Rg3 Bb5 26. Re1 Nd7 27. Qf4 Nxf6
28. exf6+ Qxf6 29. Qe3 Bd7 30. Bd3 Kf8 31. Bxg6 Ke7 32. Bd3 Rhg8 33. Rxg8 Rxg8
34. f4 Qg7 35. Qf2 Qg3 36. Qxg3 Rxg3 37. Bc2 Bb5 38. Kf2 Rg8 39. Re3 Rc8 40.
Rc3 Rxc3 41. bxc3 Bc4 42. Kg3 f5 43. Kh4 Kf6 44. Kh5 Kg7 45. g4 fxg4 46. hxg4
Be2 47. Kh4 Bf3 48. Ba4 b5 49. Bc2 Be4 50. Bxe4 dxe4 51. Kg3 Kg6 52. Kf2 h5 53.
gxh5+ Kxh5 54. Ke3 Kg6 55. Kxe4 Kf7 56. d5 exd5+ 57. Kxd5 Kf6 58. Kc5 Kf5 59.
Kb6 1-0

[Event "Open Est 2013-2014"]
[Site "Salle Lakanal Aubagne"]
[Date "2014.03.15"]
[Round "7.8"]
[White "Hunault, Francis"]
[Black "Roux, Jean-Marie"]
[Result "1-0"]
[WhiteElo "1660"]
[BlackElo "1375"]
[PlyCount "79"]
[EventDate "2014.??.??"]

1. e4 e5 2. Bc4 Nf6 3. d3 Be7 4. Nf3 Nc6 5. O-O O-O 6. Nc3 d6 7. Nd5 Bg4 8. c3
Na5 9. h3 Bh5 10. Nxe7+ Qxe7 11. Bb5 c6 12. Ba4 b5 13. Bc2 Qe6 14. Qe2 a6 15.
Qe3 c5 16. b4 Nb7 17. Bb3 Qd7 18. bxc5 Nxc5 19. Bc2 Rac8 20. Bd2 Ne6 21. a4 b4
22. a5 bxc3 23. Ba4 Qe7 24. Be1 Nf4 25. Rc1 Qe6 26. Bxc3 Nxh3+ 27. gxh3 Qxh3
28. Ng5 Qg4+ 29. Qg3 h6 30. Nh3 Qe6 31. Bd1 Bg6 32. f4 exf4 33. Nxf4 Qe7 34.
Nxg6 fxg6 35. Qxg6 d5 36. Bxf6 Qa7+ 37. Kg2 Rxc1 38. Bb3 Rxf1 39. Bxd5+ Kh8 40.
Qxh6# 1-0

[Event "Open Est 2013-2014"]
[Site "Salle Lakanal Aubagne"]
[Date "2014.03.15"]
[Round "7.9"]
[White "Benezra, David"]
[Black "Cavanihac, Claude"]
[Result "1-0"]
[WhiteElo "1403"]
[BlackElo "1569"]
[PlyCount "94"]
[EventDate "2014.??.??"]

1. e4 e5 2. Nf3 Nc6 3. d4 exd4 4. Nxd4 Nxd4 5. Qxd4 d6 6. Nc3 c5 7. Qd3 Nf6 8.
f3 a6 9. Bf4 Nh5 10. Be3 b5 11. Qd5 Be6 12. Qxh5 g6 13. Qg5 f6 14. Qg3 Be7 15.
Be2 f5 16. O-O g5 17. exf5 Bxf5 18. Ne4 Rg8 19. Rfd1 Qc7 20. Rd5 Be6 21. Rd2 h5
22. Bxg5 Kd7 23. Qh4 Bxg5 24. Nxg5 Qd8 25. f4 d5 26. Qf2 d4 27. c3 Qf6 28. cxd4
c4 29. Re1 Bf5 30. Bf3 Raf8 31. d5 Rxg5 32. fxg5 Qxg5 33. Qa7+ Kd8 34. Rde2 Qf6
35. Re7 Qd6 36. Qa8+ Bc8 37. Qc6 Qxc6 38. dxc6 Bf5 39. c7+ Kc8 40. Re8+ Rxe8
41. Rxe8+ Kxc7 42. Bxh5 b4 43. Re7+ Kb6 44. Be2 Kc5 45. h4 Kd4 46. Kf2 a5 47.
h5 Kc5 1-0

[Event "Open Est 2013-2014"]
[Site "Salle Lakanal Aubagne"]
[Date "2014.??.15"]
[Round "7.10"]
[White "Telouk, Olivier"]
[Black "Benvenuto, Richard"]
[Result "1-0"]
[WhiteElo "1560"]
[BlackElo "1410"]
[PlyCount "107"]
[EventDate "2014.??.??"]

1. c4 e5 2. Nc3 Nf6 3. Nf3 d6 4. e3 Be7 5. Be2 O-O 6. O-O Nbd7 7. Qc2 c6 8. d4
Qc7 9. b3 b6 10. Bb2 Bb7 11. Rad1 Rfd8 12. Ng5 h6 13. Nge4 Nxe4 14. Nxe4 Nf6
15. f4 exd4 16. exd4 Nxe4 17. Qxe4 Bf6 18. Qc2 g6 19. Qd2 Re8 20. Bd3 Re7 21.
g3 Rae8 22. Qc1 a6 23. Ba1 b5 24. Qb1 Qb6 25. Bxg6 bxc4 26. bxc4 Qxb1 27. Bxb1
Kf8 28. Bc3 d5 29. c5 Re3 30. Rfe1 Rxe1+ 31. Bxe1 Bxd4+ 32. Bf2 Bxf2+ 33. Kxf2
f6 34. Re1 Rxe1 35. Kxe1 Kf7 36. f5 a5 37. Bd3 Ke7 38. Kd2 Kd7 39. g4 Kc7 40.
h4 Bc8 41. Kc3 Kb7 42. Kb3 Ka7 43. Ka4 Ba6 44. Bxa6 Kxa6 45. g5 fxg5 46. hxg5
d4 47. Kb3 hxg5 48. f6 a4+ 49. Kc2 g4 50. f7 d3+ 51. Kxd3 g3 52. f8=Q g2 53.
Qg7 Kb5 54. Kd4 1-0

[Event "Open Est 2013-2014"]
[Site "Salle Lakanal Aubagne"]
[Date "2014.03.15"]
[Round "7.11"]
[White "Gamblin, Antoine"]
[Black "Cocordano, Claire"]
[Result "1/2-1/2"]
[WhiteElo "1242"]
[BlackElo "1519"]
[PlyCount "83"]
[EventDate "2014.??.??"]

1. e4 d6 2. Nf3 Nf6 3. Nc3 g6 4. Bc4 c5 5. O-O Bg7 6. d3 a6 7. a3 b5 8. Ba2 Nc6
9. Nd5 O-O 10. c3 Bd7 11. Rb1 Nxd5 12. exd5 Ne5 13. Nxe5 Bxe5 14. f4 Bg7 15.
Qf3 a5 16. Bd2 b4 17. c4 Qc7 18. Rfe1 Rfe8 19. Bb3 a4 20. Bd1 bxa3 21. bxa3
Rab8 22. Bc2 Rb2 23. Rxb2 Bxb2 24. Bc1 Qa5 25. Qd1 Qc3 26. Bxb2 Qxb2 27. Qc1
Qxc1 28. Rxc1 Rb8 29. Rb1 Rxb1+ 30. Bxb1 Kg7 31. Kf2 Kf6 32. Kf3 e6 33. dxe6
fxe6 34. g4 h6 35. h4 g5 36. hxg5+ hxg5 37. Bc2 Bc6+ 38. Kg3 gxf4+ 39. Kxf4 e5+
40. Kg3 Kg5 41. Bd1 Bd7 42. Be2 1/2-1/2

[Event "Open Est 2013-2014"]
[Site "Salle Lakanal Aubagne"]
[Date "2014.03.15"]
[Round "7.12"]
[White "Brongers, Claudine"]
[Black "Gomez, Guy"]
[Result "1-0"]
[WhiteElo "1210"]
[BlackElo "1652"]
[PlyCount "133"]
[EventDate "2014.??.??"]

1. e4 e6 2. d4 d5 3. Nd2 Nf6 4. e5 Nfd7 5. Bd3 c5 6. c3 Nc6 7. Ne2 Qb6 8. Nf3
Be7 9. O-O cxd4 10. cxd4 Nf8 11. Re1 Bd7 12. Qc2 Rc8 13. Qb1 Nb4 14. Nc3 Nxd3
15. Qxd3 Ng6 16. Re2 Bb4 17. Rc2 O-O 18. a3 Qa5 19. Bd2 Bxc3 20. Bxc3 Qb6 21.
Qe3 Be8 22. h4 f5 23. h5 f4 24. Qd3 Nh8 25. Bb4 Rxc2 26. Qxc2 Rf5 27. Bc5 Qc7
28. Rc1 a6 29. Bd6 Qxc2 30. Rxc2 Bc6 31. b3 Nf7 32. Bc7 Kf8 33. a4 Ke8 34. a5
Rxh5 35. b4 Kd7 36. Bb6 g5 37. Nh2 Nh6 38. f3 g4 39. fxg4 Rg5 40. Rf2 Nxg4 41.
Rxf4 Ne3 42. g4 h5 43. Kf2 Nxg4+ 44. Nxg4 hxg4 45. Kg3 Ke7 46. Bc5+ Kd7 47.
Rf7+ Ke8 48. Re7+ Kd8 49. Rxe6 Rg7 50. Bf8 Rf7 51. Bh6 Rh7 52. Bg5+ Kd7 53.
Rd6+ Kc8 54. e6 Rh8 55. Kxg4 Kc7 56. Be7 Rh7 57. Bf8 Be8 58. Kf4 (58. Rxd5)
58... Rh8 59. Be7 Rh7 60. Ke5 Rxe7 61. Rxd5 Rh7 62. Rc5+ Kd8 63. Kd6 Rg7 64. d5
Rh7 65. Rc4 Rg7 66. Re4 Re7 67. Kc5 1-0

[Event "Open Est 2013-2014"]
[Site "Salle Lakanal Aubagne"]
[Date "2014.03.15"]
[Round "7.13"]
[White "Vicari-Vento, Salvatore"]
[Black "Cotton, Paul"]
[Result "1-0"]
[WhiteElo "1472"]
[BlackElo "1400"]
[PlyCount "119"]
[EventDate "2014.??.??"]

1. e4 c5 2. Nf3 d6 3. d4 cxd4 4. Nxd4 Nf6 5. Nc3 g6 6. Bc4 Bg7 7. Be3 O-O 8. h3
Nc6 9. Qd2 Re8 10. O-O-O Bd7 11. g4 Ne5 12. Be2 Bc6 13. Nxc6 bxc6 14. f4 Ned7
15. g5 Nh5 16. Bxh5 gxh5 17. Bd4 e5 18. fxe5 Nxe5 19. Bxe5 Bxe5 20. h4 Rb8 21.
Rh3 Qb6 22. b3 a5 23. Na4 Qc7 24. Rf3 Rb4 25. Qe2 Qd7 26. Rdf1 Re7 27. c3 Rb8
28. Nb2 d5 29. Rd3 Qb7 30. Na4 Qa7 31. Kc2 Rd8 32. Re1 Qa6 33. Qxh5 Qb5 34. Qe2
Red7 35. exd5 Rxd5 36. c4 Rxd3 37. cxb5 Rd2+ 38. Qxd2 Rxd2+ 39. Kxd2 Bg3 40.
Rh1 cxb5 41. Nc3 b4 42. Ne4 Bf4+ 43. Kd3 Kg7 44. Kc4 Kg6 45. Kb5 Bc7 46. Rc1
Bd8 47. Rc4 Kh5 48. Nd6 f6 49. gxf6 Bxf6 50. Kxa5 Be7 51. Nf5 Bf8 52. Rc8 Bh6
53. Nxh6 Kxh6 54. Rc4 Kh5 55. Kxb4 Kg6 56. a4 Kf7 57. a5 Ke8 58. a6 h5 59. a7
Kd7 60. a8=Q 1-0

[Event "Open Est 2013-2014"]
[Site "Salle Lakanal Aubagne"]
[Date "2014.03.15"]
[Round "7.14"]
[White "Benezra, Esther"]
[Black "Batalov, Azat"]
[Result "0-1"]
[WhiteElo "1463"]
[BlackElo "1380"]
[PlyCount "108"]
[EventDate "2014.??.??"]

1. e4 e5 2. Nf3 d6 3. Bc4 a6 4. c3 b5 5. Bb3 Nf6 6. d3 Bb7 7. Nbd2 a5 8. O-O a4
9. Bc2 c5 10. Re1 Nbd7 11. d4 c4 12. Nf1 g6 13. Bg5 Bg7 14. dxe5 dxe5 15. Qd6
Ra6 16. Qd2 O-O 17. Rad1 Qa8 18. Ng3 Nc5 19. Qe3 Ncxe4 20. Nxe4 Nxe4 21. Bxe4
Bxe4 22. Qxe4 Qxe4 23. Rxe4 f6 24. Bc1 f5 25. Ree1 e4 26. Nd4 Rb8 27. f3 exf3
28. gxf3 b4 29. Ne6 bxc3 30. Nxg7 cxb2 31. Bh6 c3 32. Rb1 c2 33. Kf2 cxb1=Q 34.
Rxb1 g5 35. Nxf5 Kf7 36. Bxg5 Kg6 37. Bf4 Rb4 38. Bd2 Rb5 39. Ne3 Rc6 40. f4 a3
41. f5+ Kf7 42. Ke2 Rcc5 43. Kd1 Rb6 44. Ke2 h5 45. h3 h4 46. Ng4 Rbc6 47. Kd1
Rxf5 48. Nh6+ Rxh6 49. Bxh6 Rf1+ 50. Kc2 Rf2+ 51. Bd2 Rh2 52. Rf1+ Kg6 53. Rf3
Rxd2+ 54. Kxd2 b1=Q 0-1

[Event "Open Est 2013-2014"]
[Site "Salle Lakanal Aubagne"]
[Date "2014.03.15"]
[Round "7.15"]
[White "Roche, Alain"]
[Black "Blanc, Maxime"]
[Result "1-0"]
[WhiteElo "1452"]
[BlackElo "1199"]
[PlyCount "97"]
[EventDate "2014.??.??"]

1. e4 c5 2. Nf3 Nc6 3. d4 d6 4. d5 Na5 5. c3 g6 6. b4 cxb4 7. cxb4 Bg7 8. e5
dxe5 9. bxa5 Qxa5+ 10. Bd2 Qxd5 11. Nc3 Qd6 12. Bb5+ Bd7 13. Bxd7+ Qxd7 14. O-O
Rd8 15. Rb1 b6 16. Qb3 h6 17. h3 e6 18. Rbd1 Ne7 19. Bxh6 Qb7 20. Rxd8+ Kxd8
21. Qd1+ Qd7 22. Qxd7+ Kxd7 23. Bxg7 Rc8 24. Ne4 f5 25. Nf6+ Kd6 26. Rd1+ Nd5
27. Nxd5 exd5 28. Bxe5+ Ke6 29. Bg3 Rc2 30. Nd4+ Ke7 31. Re1+ Kf6 32. Be5+ Kf7
33. a4 Ra2 34. Rc1 Rxa4 35. Rc7+ Ke8 36. Kh2 f4 37. g3 Kd8 38. Rg7 b5 39. gxf4
Ke8 40. Kg3 Kf8 41. Rb7 a6 42. Kg4 Ke8 43. Kg5 Kd8 44. Kxg6 Kc8 45. Ra7 b4 46.
f5 a5 47. f6 Ra1 48. f7 Rg1+ 49. Kh7 1-0

[Event "Open Est 2013-2014"]
[Site "Salle Lakanal Aubagne"]
[Date "2014.03.15"]
[Round "7.16"]
[White "San-Nicolas, Robert"]
[Black "Moerenhout, Jean Claude"]
[Result "0-1"]
[WhiteElo "1600"]
[BlackElo "1410"]
[PlyCount "86"]
[EventDate "2014.??.??"]

1. Nf3 Nf6 2. c4 e5 3. Nxe5 Nc6 4. Nxc6 bxc6 5. d4 d5 6. c5 Be7 7. Nd2 O-O 8.
e3 Ng4 9. Be2 Nf6 10. O-O Re8 11. Bd3 a5 12. b3 Ba6 13. Qe2 Bxd3 14. Qxd3 Qc8
15. e4 dxe4 16. Nxe4 Nxe4 17. Qxe4 Bxc5 18. Qd3 Bd6 19. Be3 Qg4 20. g3 Re6 21.
f4 Rae8 22. Rae1 Qh3 23. Qd2 Bb4 24. Qc1 Bxe1 25. Rxe1 Rh6 26. Re2 Qh5 27. Qd2
Qf3 28. a3 Rhe6 29. Rf2 Qxe3 30. Qxa5 Qxd4 31. Kg2 Qe4+ 32. Rf3 Rd6 33. g4 Qe2+
34. Kg3 Rh6 35. h4 Qd1 36. Qc5 Qh1 37. h5 Rhe6 38. g5 Re2 39. Kg4 Rg2+ 40. Rg3
Qd1+ 41. Kh3 Rge2 42. h6 Rc2 43. Qf5 Qh5# 0-1

[Event "Open Est 2013-2014"]
[Site "Salle Lakanal Aubagne"]
[Date "2014.03.15"]
[Round "7.17"]
[White "Evanno, Georges"]
[Black "Gallo, Nicolas"]
[Result "0-1"]
[WhiteElo "1370"]
[BlackElo "1520"]
[PlyCount "54"]
[EventDate "2014.??.??"]

1. e4 e5 2. Bc4 Nf6 3. d3 d5 4. exd5 Nxd5 5. c3 Nb6 6. Bb3 Bf5 7. Qh5 g6 8. Qf3
Nc6 9. Ne2 Bg7 10. Ng3 e4 11. Nxe4 Ne5 12. Qd1 Nxd3+ 13. Kf1 Nxc1 14. Bxf7+
Kxf7 15. Qf3 Qd3+ 16. Qxd3 Nxd3 17. Ng5+ Kf6 18. Nf3 Nxb2 19. Nbd2 Rhe8 20. Nb3
Kf7 21. Ng5+ Kg8 22. Nf3 Re7 23. Nfd4 Bd3+ 24. Kg1 Rae8 25. Nd2 Re1+ 26. Rxe1
Rxe1+ 27. Nf1 Rxf1# 0-1